[Event "European Youth Chess Championship G18"]
[Site "Prague, Top Hotel Prague"]
[Date "2016.08.22"]
[Round "5.8"]
[White "Malatsilava, Volha"]
[Black "Kanakova, Natalie"]
[Result "1/2-1/2"]
[WhiteElo "2034"]
[BlackElo "2179"]
[PlyCount "104"]
[EventDate "2016.08.18"]

1. e4 c5 2. Nf3 g6 3. d4 cxd4 4. Nxd4 Nc6 5. Nc3 Bg7 6. Be3 Nf6 7. Bc4 O-O 8.
Bb3 d6 9. f3 Bd7 10. h4 Nxd4 11. Bxd4 b5 12. h5 a5 13. hxg6 hxg6 14. Nd5 a4 15.
Nxf6+ exf6 16. Bd5 Rc8 17. Qd2 Be6 18. O-O-O Qc7 19. Kb1 b4 20. b3 Qa5 21. Ba1
Rfd8 22. g4 Bxd5 23. exd5 Rc5 24. Rh2 axb3 25. cxb3 Rdc8 26. Qd4 Qc7 27. Qd2
Qa5 28. Qd4 Qc7 29. Qd2 Qa5 30. Qf4 Rxd5 31. Rdh1 Re5 32. Rh7 f5 33. Rxg7+ Kxg7
34. Qh6+ Kf6 35. Qh4+ Ke6 36. Bxe5 dxe5 37. gxf5+ gxf5 38. Qg5 f6 39. Qg2 Qd5
40. Qe2 Rc3 41. Rd1 Qxf3 42. Qd2 Qe4+ 43. Kb2 Qc6 44. Qf2 f4 45. Qd2 f3 46. Qh2
f2 47. Qxf2 Qf3 48. Qd2 Kf5 49. Qd7+ Kf4 50. Qd2+ Kf5 51. Qd7+ Kf4 52. Qd2+ Kf5
1/2-1/2

[Event "European Youth Chess Championship G18"]
[Site "Prague, Top Hotel Prague"]
[Date "2016.08.22"]
[Round "5.9"]
[White "Miljkovic, Jovana"]
[Black "Salimova, Nurgyul"]
[Result "0-1"]
[WhiteElo "2024"]
[BlackElo "2147"]
[PlyCount "98"]
[EventDate "2016.08.18"]

1. d4 Nf6 2. c4 e6 3. Nc3 Bb4 4. Qc2 O-O 5. Nf3 d5 6. cxd5 exd5 7. Bg5 h6 8.
Bh4 c5 9. e3 c4 10. Be2 g5 11. Bg3 Ne4 12. O-O Bxc3 13. bxc3 Bf5 14. Qb2 Qb6
15. Qa3 Qa6 16. Qb2 Qb6 17. Qa3 Nd7 18. Rfd1 Rfe8 19. Nd2 Nxg3 20. hxg3 Qc6 21.
Qa5 b6 22. Qa6 Nb8 23. Qa3 a5 24. Bf3 Na6 25. g4 Bd3 26. g3 Nc7 27. Kg2 f5 28.
gxf5 Bxf5 29. Rh1 Rf8 30. Rh5 Rf6 31. Rah1 Raf8 32. Qe7 Re8 33. Qa3 Qe6 34.
R1h2 Ref8 35. Qc1 g4 36. Qh1 gxf3+ 37. Kg1 Kg7 38. g4 Bd3 39. R2h4 Rg6 40. Qh3
Rf5 41. Rxh6 Rxh6 42. gxf5 Bxf5 43. Rxh6 Bxh3 44. Rxe6 Bxe6 45. Nxf3 Nb5 46.
Ng5 Kf6 47. Nh7+ Kf5 48. Nf8 Nxc3 49. f3 Bc8 0-1

[Event "European Youth Chess Championship G18"]
[Site "Prague, Top Hotel Prague"]
[Date "2016.08.22"]
[Round "5.10"]
[White "Vangsgaard, Freja"]
[Black "Shivacheva, Donika"]
[Result "0-1"]
[WhiteElo "2129"]
[BlackElo "2035"]
[PlyCount "118"]
[EventDate "2016.08.18"]

1. d4 d5 2. c4 c6 3. Nf3 Nf6 4. e3 Bg4 5. Qb3 Qc7 6. Nc3 e6 7. Be2 Nbd7 8. h3
Bh5 9. g4 Bg6 10. Nh4 Be4 11. Nxe4 Nxe4 12. Nf3 Be7 13. Rg1 h6 14. Rg2 Ng5 15.
Ng1 Ne4 16. f3 Bh4+ 17. Kd1 Nf2+ 18. Kc2 c5 19. Bd2 cxd4 20. exd4 dxc4 21. Qxc4
Qd8 22. Bc3 Rc8 23. Qb4 Qf6 24. b3 Qg6+ 25. Kb2 Nd3+ 26. Bxd3 Qxd3 27. Rd2 Qa6
28. Rad1 Be7 29. Qa5 Qd6 30. a3 b6 31. Qa6 Qc7 32. Ne2 O-O 33. Qd3 Rfd8 34. Qe3
Nf6 35. Rd3 Nd5 36. Qd2 Bg5 37. Qe1 Ne3 38. Rb1 b5 39. f4 Ng2 40. Qf2 Nxf4 41.
Nxf4 Bxf4 42. Rf1 Bd6 43. Qd2 Qe7 44. b4 a5 45. Rdf3 f6 46. h4 Rc4 47. bxa5 b4
48. axb4 Bxb4 49. Bxb4 Rxb4+ 50. Rb3 Rbxd4 51. Qc3 Rxg4 52. a6 Rg2+ 53. Kb1 Qd7
54. Qf3 Qd2 55. Qc3 Qa2+ 56. Kc1 Qxa6 57. Qf3 Qa1+ 58. Rb1 Rc8+ 59. Kd1 Qxb1#
0-1

[Event "European Youth Chess Championship G18"]
[Site "Prague, Top Hotel Prague"]
[Date "2016.08.22"]
[Round "5.11"]
[White "Saumanaite, Skaiste"]
[Black "Pychova, Nela"]
[Result "1/2-1/2"]
[WhiteElo "1905"]
[BlackElo "2072"]
[PlyCount "125"]
[EventDate "2016.08.18"]

1. Nf3 Nf6 2. c4 e6 3. g3 d5 4. d4 Be7 5. Bg2 O-O 6. O-O dxc4 7. Qc2 b5 8. a4
b4 9. Ne5 Nd5 10. Nxc4 Nc6 11. Rd1 b3 12. Qxb3 Rb8 13. Qd3 Ndb4 14. Qc3 Bf6 15.
e3 e5 16. d5 e4 17. Qd2 Bg4 18. Rf1 Nxd5 19. Bxe4 Ndb4 20. Qxd8 Rfxd8 21. Nba3
Ne5 22. Nxe5 Bxe5 23. Rb1 f5 24. Bg2 Be2 25. Re1 Bd3 26. Ra1 c5 27. Bf1 Be4 28.
Be2 Nd3 29. Bxd3 Bxd3 30. Ra2 Rb3 31. Nb5 a6 32. Ra3 Rxa3 33. Nxa3 Rb8 34. Rd1
Rb3 35. Kg2 c4 36. h4 Bxb2 37. Bxb2 Rxb2 38. Rc1 Rb4 39. Nc2 Rxa4 40. Ne1 Be2
41. Nf3 Ra3 42. Re1 Bd3 43. Ne5 Ra5 44. Nxd3 cxd3 45. Rd1 Rd5 46. Rd2 Kf7 47.
Kf1 Ke6 48. Ke1 Ke5 49. f3 Kd6 50. Ra2 d2+ 51. Kd1 a5 52. e4 fxe4 53. fxe4 Rd3
54. Rxa5 Rxg3 55. Kxd2 Rg4 56. Ra7 h6 57. Ke3 g6 58. h5 gxh5 59. Ra6+ Ke5 60.
Rxh6 Rxe4+ 61. Kf3 Rh4 62. Kg3 Rh1 63. Kg2 1/2-1/2

[Event "European Youth Chess Championship G18"]
[Site "Prague, Top Hotel Prague"]
[Date "2016.08.22"]
[Round "5.12"]
[White "Dai, Irmak"]
[Black "Fuskova, Martina"]
[Result "0-1"]
[WhiteElo "1806"]
[BlackElo "2063"]
[PlyCount "114"]
[EventDate "2016.08.18"]

1. e4 c5 2. Nf3 e6 3. d4 cxd4 4. Nxd4 Nf6 5. Nc3 d6 6. Be2 Be7 7. Be3 O-O 8.
O-O Nc6 9. f4 e5 10. Nb3 exf4 11. Bxf4 Be6 12. Kh1 d5 13. e5 Nd7 14. Nxd5 Ndxe5
15. c4 Rc8 16. Qd2 Ng6 17. Nxe7+ Ncxe7 18. Rac1 Nxf4 19. Qxf4 Ng6 20. Qd4 Qe7
21. Bf3 b6 22. Nd2 Rfd8 23. Qc3 Nf4 24. Qe3 Nd3 25. Rb1 Qc5 26. Qxc5 Nxc5 27.
Rbd1 Na4 28. Bd5 Bxd5 29. cxd5 Rxd5 30. Nc4 Rcd8 31. Ne3 Rxd1 32. Rxd1 Rxd1+
33. Nxd1 Kf8 34. Kg1 Ke7 35. Kf2 Ke6 36. Ke3 Nc5 37. Nc3 Ke5 38. Ne2 Ne6 39. g4
f5 40. gxf5 Kxf5 41. Kf3 Ng5+ 42. Kg3 Ne4+ 43. Kf3 Nd2+ 44. Kg3 Ke4 45. Nc3+
Kd3 46. Nb5 a5 47. Kf2 Kc2 48. Ke2 Ne4 49. Na3+ Kxb2 50. Nc4+ Kxa2 51. Nxb6 Kb3
52. Kd1 a4 53. Kc1 a3 54. Kb1 Nd2+ 55. Ka1 a2 56. h4 Ka3 57. Nc4+ Nxc4 0-1

[Event "European Youth Chess Championship G18"]
[Site "Prague, Top Hotel Prague"]
[Date "2016.08.22"]
[Round "5.13"]
[White "Lingur, Zalina"]
[Black "Asatryan, Sona"]
[Result "0-1"]
[WhiteElo "2060"]
[BlackElo "1857"]
[PlyCount "136"]
[EventDate "2016.08.18"]

1. e4 c6 2. d4 d5 3. Nd2 dxe4 4. Nxe4 Bf5 5. Ng3 Bg6 6. Nh3 Nf6 7. Nf4 Nbd7 8.
c3 e6 9. h4 Bd6 10. h5 Qc7 11. hxg6 Bxf4 12. gxf7+ Kxf7 13. Qf3 Bxc1 14. Rxc1
g6 15. Ne4 Rae8 16. Bc4 Kg7 17. Ng5 Nf8 18. Kf1 Qa5 19. Qf4 h6 20. Nf3 g5 21.
Qe3 Ng4 22. Qe2 Ng6 23. Nh2 Nxh2+ 24. Rxh2 Qf5 25. Re1 Rhf8 26. g3 Rf6 27. Bd3
Qf3 28. Qxf3 Rxf3 29. Be2 Rf6 30. Bh5 Re7 31. f3 Nf8 32. Rhe2 Nd7 33. Kg2 b5
34. Bg4 Kf7 35. b3 Nb6 36. a3 a5 37. Rb1 a4 38. bxa4 Nxa4 39. Rb3 Nb6 40. Rb4
Ra7 41. Re5 Rxa3 42. Rc5 Nd5 43. Rb2 Rxc3 44. Rxc3 Nxc3 45. Rc2 b4 46. Rb2 Nd5
47. Ra2 Ke7 48. Kf2 Kd6 49. Re2 Nc3 50. Rc2 Kd5 51. Ke3 Kc4 52. Rc1 Rg6 53. Bh5
Rg7 54. Bg4 Kd5 55. Kd3 Re7 56. f4 gxf4 57. gxf4 Rf7 58. Rf1 Kd6 59. Bh3 Nd5
60. Ke4 b3 61. f5 exf5+ 62. Bxf5 b2 63. Kd3 Rxf5 64. Rb1 Rf2 65. Kc4 h5 66. Rh1
Rf3 67. Rh3 Nb6+ 68. Kb4 b1=Q+ 0-1

[Event "European Youth Chess Championship G18"]
[Site "Prague, Top Hotel Prague"]
[Date "2016.08.22"]
[Round "5.15"]
[White "Buiza, Prieto Eihartze"]
[Black "Verhoeff, Timardi"]
[Result "1/2-1/2"]
[WhiteElo "2085"]
[BlackElo "1870"]
[PlyCount "79"]
[EventDate "2016.08.18"]

1. e4 c6 2. d4 d5 3. Nc3 dxe4 4. Nxe4 Bf5 5. Ng3 Bg6 6. Bc4 e6 7. N1e2 Bd6 8.
O-O Qc7 9. f4 Ne7 10. Bd3 Bxd3 11. Qxd3 Nd7 12. Ne4 Ng6 13. Nxd6+ Qxd6 14. Ng3
f5 15. Bd2 Nf6 16. Rae1 O-O-O 17. c3 h5 18. Qc4 Rde8 19. b4 h4 20. Ne2 Ne4 21.
Be3 h3 22. g3 Ne7 23. Bc1 b5 24. Qb3 Qd5 25. Qxd5 exd5 26. Rf3 Kb7 27. Kf1 Nc8
28. Ng1 Ncd6 29. Rd3 Nc4 30. Re2 Re6 31. Rc2 Nf6 32. Nf3 Rhe8 33. Ne5 Ne4 34.
Rf3 Nf6 35. Rd3 Ra8 36. Rf3 Rae8 37. Rd3 Ra8 38. Rf3 Rh8 39. Ng6 Rhe8 40. Ne5
1/2-1/2

[Event "European Youth Chess Championship G18"]
[Site "Prague, Top Hotel Prague"]
[Date "2016.08.22"]
[Round "5.16"]
[White "Kassay, Lilla"]
[Black "Naghiyeva, Khayala"]
[Result "1/2-1/2"]
[WhiteElo "2034"]
[BlackElo "1663"]
[PlyCount "110"]
[EventDate "2016.08.18"]

1. e4 c5 2. Nf3 Nc6 3. d4 cxd4 4. Nxd4 g6 5. Nc3 Bg7 6. Be3 Nf6 7. Bc4 O-O 8.
f3 Qb6 9. Bb3 Nxe4 10. Nd5 Qa5+ 11. c3 Nf6 12. Nxc6 dxc6 13. Nxe7+ Kh8 14. Nxc8
Raxc8 15. O-O Rcd8 16. Qe1 Nd5 17. Bg5 Rd7 18. Qh4 Qc5+ 19. Kh1 Ne3 20. Rfe1
Nf5 21. Qh3 Qf2 22. Rab1 f6 23. Bf4 Rfd8 24. Be6 Re7 25. Re4 Qc2 26. Rbe1 Rd1
27. Bg3 Nxg3+ 28. Qxg3 Rxe1+ 29. Rxe1 Bf8 30. Bb3 Rxe1+ 31. Qxe1 Qxb2 32. h4
Qa3 33. Qe6 Kg7 34. Qf7+ Kh6 35. Qxf6 Qc1+ 36. Kh2 Bg7 37. Qe7 Bxc3 38. g4 Qf4+
39. Kg2 g5 40. Bg8 Bg7 41. Qe8 Be5 42. hxg5+ Qxg5 43. Qe6+ Bf6 44. Qf7 Qg6 45.
Qb3 Qg5 46. Qf7 Qg6 47. Qe6 Bd4 48. Qc4 Bf6 49. Be6 Kg7 50. f4 h6 51. Kf3 Qb1
52. Bg8 Qd1+ 53. Ke4 Qb1+ 54. Ke3 Qe1+ 55. Kf3 Qd1+ 1/2-1/2

[Event "European Youth Chess Championship G18"]
[Site "Prague, Top Hotel Prague"]
[Date "2016.08.22"]
[Round "5.17"]
[White "Boehm, Jana"]
[Black "Dmochowska, Agnieszka"]
[Result "0-1"]
[WhiteElo "1954"]
[BlackElo "2034"]
[PlyCount "82"]
[EventDate "2016.08.18"]

1. e4 c5 2. Nf3 Nc6 3. d4 cxd4 4. Nxd4 Nf6 5. Nc3 d6 6. Bg5 e6 7. Qd2 a6 8.
O-O-O Be7 9. f4 Bd7 10. Kb1 Qc7 11. Bxf6 gxf6 12. Nf3 b5 13. g3 Rc8 14. Bh3 Na5
15. Bf1 b4 16. Ne2 Nc4 17. Qc1 Qb7 18. Ned4 Qxe4 19. Bxc4 Rxc4 20. Rhe1 Qb7 21.
Qe3 O-O 22. Nf5 Ba4 23. Nxe7+ Qxe7 24. b3 Rc3 25. Qd4 Bc6 26. Qxb4 Rxf3 27.
Rxd6 Rd8 28. Rxd8+ Qxd8 29. g4 a5 30. Qc4 Qd2 31. Rxe6 Rc3 32. Qe2 Qd8 33. Re7
Kf8 34. Qe1 Rf3 35. Ra7 a4 36. Qb4+ Kg7 37. bxa4 Qd1+ 38. Kb2 Rf1 39. Qc4 Qc1+
40. Kb3 Rf3+ 41. Kb4 Rxf4 0-1

[Event "European Youth Chess Championship G18"]
[Site "Prague, Top Hotel Prague"]
[Date "2016.08.22"]
[Round "5.18"]
[White "Poliakova, Emma"]
[Black "Arvai, Eszter"]
[Result "1/2-1/2"]
[WhiteElo "1912"]
[BlackElo "1955"]
[PlyCount "33"]
[EventDate "2016.08.18"]

1. e4 e5 2. Nf3 Nc6 3. c3 d5 4. Qa4 dxe4 5. Nxe5 Qd5 6. Nxc6 bxc6 7. Bc4 Qd7 8.
O-O Nf6 9. d3 exd3 10. Rd1 Bd6 11. Bxd3 O-O 12. Na3 Ng4 13. Bf4 Qe7 14. Bxd6
cxd6 15. Qf4 Ne5 16. Qe4 f5 17. Qe2 1/2-1/2

[Event "European Youth Chess Championship G18"]
[Site "Prague, Top Hotel Prague"]
[Date "2016.08.22"]
[Round "5.19"]
[White "Auvray, Honorine"]
[Black "Roklicer, Heike"]
[Result "1/2-1/2"]
[WhiteElo "2042"]
[BlackElo "1936"]
[PlyCount "136"]
[EventDate "2016.08.18"]

1. e4 c6 2. Nc3 d5 3. Nf3 Bg4 4. h3 Bxf3 5. Qxf3 Nf6 6. d3 e6 7. a3 Nbd7 8. g3
Bc5 9. Bg2 Bd4 10. Nd1 dxe4 11. dxe4 Ne5 12. Qe2 Ng6 13. O-O Qc7 14. Kh1 O-O
15. f4 Rfe8 16. Ne3 Rad8 17. c3 Bc5 18. h4 a5 19. h5 Ne7 20. Nc4 b5 21. Ne5 Nd7
22. Nd3 Bb6 23. b3 Nc5 24. Nxc5 Bxc5 25. Bb2 Rd7 26. h6 g6 27. b4 Ba7 28. Qg4
Kf8 29. Qg5 Ng8 30. c4 Bd4 31. Bxd4 Rxd4 32. cxb5 cxb5 33. Qxb5 axb4 34. axb4
Nxh6 35. Rfc1 Qd6 36. Qc5 Rd8 37. e5 Qe7 38. Qxe7+ Kxe7 39. b5 Rb8 40. Rab1 Nf5
41. Rb3 Kd8 42. b6 Ne7 43. b7 Rd7 44. Rbc3 Rdxb7 45. Bxb7 Rxb7 46. Kg2 h5 47.
Kf3 Nd5 48. Ra3 Ke7 49. Rca1 Kf8 50. Ra8+ Kg7 51. R1a3 Rc7 52. R8a7 Rc8 53. Rb7
Rd8 54. Raa7 Rf8 55. g4 hxg4+ 56. Kxg4 Ne3+ 57. Kh4 Rh8+ 58. Kg3 Nf5+ 59. Kf3
Rf8 60. Ra6 Rd8 61. Raa7 Rf8 62. Kf2 Kg8 63. Ra4 Kg7 64. Ra6 Re8 65. Rab6 Nh6
66. Rb8 Rxb8 67. Rxb8 Nf5 68. Kf3 Ne7 1/2-1/2

[Event "European Youth Chess Championship G18"]
[Site "Prague, Top Hotel Prague"]
[Date "2016.08.22"]
[Round "5.20"]
[White "Gitu, Paula-Alexandra"]
[Black "Weis, Olga"]
[Result "0-1"]
[WhiteElo "2012"]
[BlackElo "1895"]
[PlyCount "100"]
[EventDate "2016.08.18"]

1. e4 e5 2. Nf3 Nc6 3. Nc3 Bc5 4. Nxe5 Nxe5 5. d4 Bd6 6. dxe5 Bxe5 7. Bc4 Nf6
8. O-O O-O 9. Re1 Re8 10. Bg5 c6 11. Qf3 Qc7 12. g3 b5 13. Bb3 Bb7 14. Rad1 a5
15. a3 b4 16. Na4 d6 17. Qd3 c5 18. Bxf6 gxf6 19. c3 Rac8 20. Qc4 f5 21. exf5
Bf3 22. Rd3 d5 23. Qxc5 Qb8 24. Qe3 Bf4 25. Qxf3 Rxe1+ 26. Kg2 Bh6 27. Qh5 Bg7
28. Bxd5 Rf8 29. c4 bxa3 30. bxa3 Qb1 31. Nc5 Rg1+ 32. Kf3 Rd1 33. Re3 Rxd5 34.
cxd5 Qd1+ 35. Re2 Re8 36. Ne6 Qxd5+ 37. Kg4 Qd1 38. Kh3 Qf1+ 39. Kh4 Rxe6 40.
Rxe6 Qc4+ 41. Kh3 fxe6 42. Qe8+ Bf8 43. fxe6 Qf1+ 44. Kg4 Qxf2 45. a4 Qf6 46.
Qc6 h5+ 47. Kh3 Qf1+ 48. Qg2 Qf5+ 49. g4 Qxe6 50. Qf3 Qxg4+ 0-1

[Event "European Youth Chess Championship G18"]
[Site "Prague, Top Hotel Prague"]
[Date "2016.08.22"]
[Round "5.21"]
[White "Kyrkjebo, Marte B"]
[Black "Egyed, Viktoria"]
[Result "1/2-1/2"]
[WhiteElo "1866"]
[BlackElo "2007"]
[PlyCount "83"]
[EventDate "2016.08.18"]

1. e4 c5 2. Nf3 e6 3. d3 Nc6 4. g3 g6 5. Bg2 Bg7 6. O-O Nge7 7. c3 O-O 8. Qe2
d5 9. e5 Qc7 10. Bf4 b6 11. Nbd2 Ba6 12. h4 Rac8 13. Rfe1 Qd7 14. Nh2 Nf5 15.
Ng4 Qd8 16. Nf3 f6 17. exf6 Bxf6 18. Nxf6+ Qxf6 19. Bg5 Qg7 20. g4 Nh6 21. Nh2
Nf7 22. Bd2 Nce5 23. c4 Qf6 24. Bg5 Qg7 25. b3 Nxg5 26. Qxe5 Qxe5 27. Rxe5 Nf7
28. Re3 Bb7 29. Rae1 e5 30. Bxd5 Bxd5 31. cxd5 Rcd8 32. Nf3 Rxd5 33. Nxe5 Nxe5
34. Rxe5 Rxd3 35. Kg2 Rd2 36. R1e2 Rxe2 37. Rxe2 Kf7 38. Kg3 Rd8 39. f4 Rd3+
40. Kg2 Rd5 41. Kf3 h6 42. Kg3 1/2-1/2

[Event "European Youth Chess Championship G18"]
[Site "Prague, Top Hotel Prague"]
[Date "2016.08.22"]
[Round "5.22"]
[White "Kyrkjebo, Hanna B"]
[Black "Sajjadi, Kimiya"]
[Result "1-0"]
[WhiteElo "1999"]
[BlackElo "1828"]
[PlyCount "57"]
[EventDate "2016.08.18"]

1. e4 e6 2. d4 d5 3. Nd2 Nf6 4. e5 Nfd7 5. Bd3 c5 6. c3 Nc6 7. Ne2 Qb6 8. Ng3
cxd4 9. cxd4 Be7 10. O-O O-O 11. a3 Re8 12. Nf3 f5 13. exf6 Bxf6 14. Be3 Nf8
15. Qd2 Kh8 16. Bc2 Qd8 17. Ng5 Qe7 18. f4 h6 19. Nf3 b6 20. Bd3 Nb8 21. Qe2
Bb7 22. Ne5 Bxe5 23. fxe5 Nbd7 24. Qh5 Kg8 25. Rf3 Qd8 26. Bxh6 Nxe5 27. dxe5
Qc7 28. Bxg7 Qc5+ 29. Kh1 1-0

[Event "European Youth Chess Championship G18"]
[Site "Prague, Top Hotel Prague"]
[Date "2016.08.22"]
[Round "5.23"]
[White "Cusmuliuc, Diana-Elena"]
[Black "Weaver, Lauren"]
[Result "1/2-1/2"]
[WhiteElo "1945"]
[BlackElo "1552"]
[PlyCount "120"]
[EventDate "2016.08.18"]

1. d4 Nf6 2. Bg5 Ne4 3. Bf4 d5 4. Nf3 c5 5. e3 Nc6 6. dxc5 e6 7. Be2 Bxc5 8. c3
O-O 9. Nbd2 Nf6 10. Qc2 a6 11. a4 h6 12. O-O b6 13. Rad1 Nh5 14. Bg3 Nxg3 15.
hxg3 Qc7 16. Nb3 Be7 17. e4 Bb7 18. exd5 Nb4 19. d6 Bxd6 20. Qd2 Nd5 21. Nbd4
Rfd8 22. Qc2 Rac8 23. Bd3 Nf6 24. Nb3 Ng4 25. Be4 Nf6 26. Bxb7 Qxb7 27. Nbd4 b5
28. axb5 axb5 29. Qb3 b4 30. Nc2 Nd5 31. cxb4 Rb8 32. Rd4 Nxb4 33. Rfd1 Nxc2
34. Qxc2 Be7 35. Rxd8+ Rxd8 36. Rxd8+ Bxd8 37. Ne1 Bf6 38. b3 Qb4 39. Nd3 Qg4
40. Nf4 Be5 41. Qc8+ Kh7 42. Qc2+ Kg8 43. Qd2 Qf5 44. b4 Bf6 45. Qd3 Qxd3 46.
Nxd3 Bd4 47. Kf1 Kf8 48. Ke2 e5 49. g4 Ke7 50. Kf3 g6 51. Ke4 Ke6 52. Nf4+ Kd6
53. Nd3 Ke6 54. Nf4+ Kd6 55. f3 Bc3 56. Nd3 Ke6 57. Nc5+ Kd6 58. Nb7+ Kc7 59.
Nc5 Kd6 60. Nd3 Ke6 1/2-1/2

[Event "European Youth Chess Championship G18"]
[Site "Prague, Top Hotel Prague"]
[Date "2016.08.22"]
[Round "5.24"]
[White "Sit, Victoria"]
[Black "Salahidou, Reveka"]
[Result "0-1"]
[WhiteElo "1697"]
[BlackElo "1968"]
[PlyCount "98"]
[EventDate "2016.08.18"]

1. d4 g6 2. c4 Bg7 3. Nf3 c5 4. d5 d6 5. e4 Nf6 6. Nc3 O-O 7. Be2 Bg4 8. h3
Bxf3 9. Bxf3 Nbd7 10. O-O a6 11. Qc2 Ne8 12. Bg4 Ne5 13. Be2 e6 14. f4 Nd7 15.
Kh1 e5 16. f5 Ndf6 17. g4 Nd7 18. Be3 Rb8 19. Qd2 f6 20. h4 Nc7 21. a4 Rf7 22.
g5 Kf8 23. h5 Ke7 24. Rf2 Qe8 25. gxf6+ Nxf6 26. fxg6 hxg6 27. Bg5 Qd7 28. Kg1
Rg8 29. hxg6 Rff8 30. Raf1 Nce8 31. Qd1 Kd8 32. Bg4 Qe7 33. Be6 Rh8 34. Rf5 Bh6
35. Bxh6 Rxh6 36. Bf7 Nxe4 37. Qg4 Rh4 38. Qg2 Rfh8 39. Nxe4 Rh1+ 40. Qxh1
Rxh1+ 41. Kxh1 Qh4+ 42. Kg1 Qg4+ 43. Kh2 Ng7 44. Rf6 Qxe4 45. Rxd6+ Kc7 46.
Rdf6 Qh4+ 47. Kg2 Qg5+ 48. Kh1 Nh5 49. d6+ Kd8 0-1

[Event "European Youth Chess Championship G18"]
[Site "Prague, Top Hotel Prague"]
[Date "2016.08.22"]
[Round "5.25"]
[White "Suchomelova, Simona"]
[Black "Yolal, Sena Gokcen"]
[Result "1-0"]
[WhiteElo "1838"]
[BlackElo "1646"]
[PlyCount "79"]
[EventDate "2016.08.18"]

1. e4 c5 2. Nf3 Nc6 3. d4 cxd4 4. Nxd4 Nf6 5. Nc3 e5 6. Ndb5 d6 7. Bg5 a6 8.
Na3 b5 9. Nd5 Be7 10. Bxf6 Bxf6 11. c4 b4 12. Nc2 Rb8 13. b3 O-O 14. g3 a5 15.
Bg2 Bg5 16. O-O Be6 17. Kh1 Bh6 18. f4 exf4 19. gxf4 Qh4 20. Qf3 f5 21. Qg3 Qd8
22. Rad1 Qc8 23. exf5 Bxf5 24. Nd4 Kh8 25. Nxc6 Qxc6 26. Nxb4 Qc7 27. Nc6 Rf6
28. Nxb8 Rg6 29. Qe3 Qxb8 30. Rde1 Re6 31. Qd4 Rf6 32. Re7 Rf8 33. Be4 Bxe4+
34. Qxe4 Qd8 35. Re1 g6 36. Re8 Rxe8 37. Qxe8+ Qxe8 38. Rxe8+ Kg7 39. Ra8 Bxf4
40. Rxa5 1-0

[Event "European Youth Chess Championship G18"]
[Site "Prague, Top Hotel Prague"]
[Date "2016.08.22"]
[Round "5.26"]
[White "Ajanovic, Berina"]
[Black "Maric, Sara"]
[Result "1-0"]
[WhiteElo "1377"]
[BlackElo "1829"]
[PlyCount "63"]
[EventDate "2016.08.18"]

1. d4 Nf6 2. c4 e6 3. Nf3 d5 4. Bg5 Be7 5. Nc3 O-O 6. e3 b6 7. cxd5 exd5 8. Bd3
Bb7 9. O-O Nbd7 10. Qc2 Re8 11. Rfe1 Ne4 12. Bxe7 Qxe7 13. Nb5 c6 14. Nc7 Qd6
15. Nxa8 Bxa8 16. Nd2 Ndf6 17. Nxe4 dxe4 18. Be2 Bb7 19. Rac1 Rc8 20. Qa4 a5
21. Rc2 Nd5 22. a3 Ne7 23. Rec1 h6 24. b4 axb4 25. Qxb4 Qc7 26. f3 Nd5 27. Qb3
exf3 28. Bxf3 Ne7 29. Bxc6 Bxc6 30. d5 Qd6 31. dxc6 Nd5 32. Rd2 1-0

[Event "European Youth Chess Championship G18"]
[Site "Prague, Top Hotel Prague"]
[Date "2016.08.22"]
[Round "5.27"]
[White "Jerabkova, Julia"]
[Black "Sarnovska, Eira"]
[Result "1-0"]
[WhiteElo "1571"]
[BlackElo "1719"]
[PlyCount "143"]
[EventDate "2016.08.18"]

1. c4 e5 2. Nc3 Nf6 3. g3 Bb4 4. Bg2 Bxc3 5. bxc3 c6 6. d4 exd4 7. cxd4 d5 8.
cxd5 Nxd5 9. e4 Qe7 10. Ne2 Nf6 11. f3 O-O 12. O-O Rd8 13. Qc2 Na6 14. Be3 Nc7
15. Rfd1 Nb5 16. a4 Nc7 17. Rac1 Na6 18. Nf4 Be6 19. Nxe6 Qxe6 20. Bf2 Re8 21.
Rb1 Re7 22. Rbc1 Rd8 23. Bf1 Nb8 24. Qc4 Qxc4 25. Bxc4 Red7 26. Rd3 h6 27. Rcd1
Rc8 28. d5 cxd5 29. Bb3 dxe4 30. Rxd7 Nbxd7 31. fxe4 Nc5 32. Bxc5 Rxc5 33. Rd8+
Kh7 34. Bxf7 Nxe4 35. Bd5 Nc3 36. Bxb7 Rc7 37. Bf3 Nxa4 38. Be4+ g6 39. Rd6 Rg7
40. h4 h5 41. Rd5 Kh6 42. Rd6 Nc5 43. Bf3 Nd7 44. Ra6 Ne5 45. Bd1 Rc7 46. Kf2
Rd7 47. Be2 Re7 48. Kg2 Kg7 49. Kh3 Rc7 50. Kg2 Kf7 51. Kf2 Re7 52. Kf1 Ke8 53.
Rd6 Kf7 54. Ra6 Ke8 55. Rd6 Rf7+ 56. Ke1 Ke7 57. Ra6 Kd8 58. Kd2 Kc8 59. Kc3
Kb7 60. Kd4 Re7 61. Bb5 Nf3+ 62. Kd3 Re5 63. Kc4 Re4+ 64. Kd5 Rb4 65. Kc5 Rg4
66. Ra3 Ne5 67. Kd5 Nf7 68. Bc6+ Kb8 69. Rb3+ Kc8 70. Rc3 Kd8 71. Ke6 Nh6 72.
Bb7 1-0

[Event "European Youth Chess Championship G18"]
[Site "Prague, Top Hotel Prague"]
[Date "2016.08.22"]
[Round "5.28"]
[White "Reid, Caitlin"]
[Black "Gur, Tuba"]
[Result "0-1"]
[WhiteElo "1439"]
[BlackElo "1717"]
[PlyCount "66"]
[EventDate "2016.08.18"]

1. e4 c5 2. Nf3 Nc6 3. c3 d5 4. e5 Bg4 5. d4 e6 6. Be2 cxd4 7. cxd4 Bb4+ 8. Nc3
Qa5 9. Qd2 Nge7 10. a3 Bxf3 11. Bxf3 Nf5 12. O-O Nfxd4 13. Qd3 Bxc3 14. bxc3
Nxf3+ 15. Qxf3 Nxe5 16. Qg3 Ng6 17. h4 h5 18. Bb2 Rc8 19. Rfe1 Qc7 20. Qd3 Qc4
21. Qe3 Nxh4 22. Rad1 Qg4 23. Qg3 Kd7 24. c4 Rxc4 25. Rc1 Qxg3 26. fxg3 Rxc1
27. Rxc1 Nf5 28. Kf2 Rc8 29. Rb1 Rc2+ 30. Kf3 b6 31. Be5 f6 32. Bb8 Rc3+ 33.
Kf4 g5# 0-1

[Event "European Youth Chess Championship G18"]
[Site "Prague, Top Hotel Prague"]
[Date "2016.08.22"]
[Round "5.29"]
[White "Silva, Mariana Sofia T"]
[Black "Pilsan, Martha"]
[Result "1/2-1/2"]
[WhiteElo "1757"]
[BlackElo "1640"]
[PlyCount "118"]
[EventDate "2016.08.18"]

1. e4 e5 2. Nf3 Nc6 3. d4 exd4 4. Nxd4 Nf6 5. Nc3 Bb4 6. Nxc6 bxc6 7. Bd3 d5 8.
exd5 cxd5 9. O-O O-O 10. Bg5 c6 11. Qf3 Bd6 12. h3 Rb8 13. Rab1 Re8 14. Ne2 Be5
15. c3 Qd6 16. Ng3 h6 17. Be3 Qc7 18. Bd4 c5 19. Bxe5 Qxe5 20. Bc2 Ba6 21. Rfd1
Rb6 22. b3 Rbe6 23. Bf5 R6e7 24. b4 c4 25. Rd4 Bb7 26. Bc2 Qc7 27. Kf1 Bc6 28.
b5 Bxb5 29. Nf5 Re6 30. Rdd1 Bd7 31. Nd4 Rb6 32. Rxb6 Qxb6 33. Rb1 Qc7 34. g4
Rb8 35. Rxb8+ Qxb8 36. Qe2 Qd6 37. Bf5 g6 38. Bxd7 Qxd7 39. f3 Kg7 40. Kg2 a6
41. Qb2 Qc7 42. Qb4 Ng8 43. a4 a5 44. Qb5 Ne7 45. Qa6 Qd8 46. Qa7 Kg8 47. Qc5
Kg7 48. Nb5 Qd7 49. Qd4+ Kg8 50. Qf4 Nc6 51. Kf2 g5 52. Qe3 Qe6 53. Nd4 Nxd4
54. Qxd4 Qc6 55. Qe5 Qb6+ 56. Kf1 Qb1+ 57. Kf2 Qb6+ 58. Kf1 Qb1+ 59. Kf2 Qb6+
1/2-1/2

[Event "European Youth Chess Championship G18"]
[Site "Prague, Top Hotel Prague"]
[Date "2016.08.22"]
[Round "5.30"]
[White "Temmerman, Sara"]
[Black "Pokorna, Jana"]
[Result "1/2-1/2"]
[WhiteElo "1631"]
[BlackElo "1630"]
[PlyCount "110"]
[EventDate "2016.08.18"]

1. e4 e5 2. Nf3 Nc6 3. Nc3 Nf6 4. d4 exd4 5. Nxd4 Bb4 6. Nxc6 Bxc3+ 7. bxc3
bxc6 8. Bd3 O-O 9. Bg5 d6 10. O-O Qe7 11. Re1 Qe5 12. Qd2 Ng4 13. Bf4 Qf6 14.
h3 Ne5 15. Bg5 Qg6 16. f4 h6 17. fxe5 Qxg5 18. Qxg5 hxg5 19. exd6 cxd6 20. Rab1
Be6 21. Rb2 Rae8 22. c4 c5 23. Reb1 Bd7 24. Kf2 Bc6 25. Re1 f5 26. exf5 Rxe1
27. Kxe1 Bxg2 28. Kf2 Bxh3 29. Kg3 g4 30. Rb7 Re8 31. Rxa7 Re3+ 32. Kh2 Rf3 33.
Re7 Rf2+ 34. Kg3 Rg2+ 35. Kf4 Rg1 36. a4 Bg2 37. a5 Bf3 38. Be4 Kf8 39. Re6 Kf7
40. Bd5 Bxd5 41. cxd5 Ra1 42. Rxd6 Rxa5 43. Rc6 g3 44. Kxg3 Ra3+ 45. Kf4 Rc3
46. d6 Rxc2 47. Ke5 Re2+ 48. Kd5 Rd2+ 49. Kxc5 g5 50. Rc7+ Ke8 51. f6 g4 52.
f7+ Kf8 53. Kc6 g3 54. Kd7 g2 55. Rc1 Kxf7 1/2-1/2